000 00700nam a22002057a 4500
005 20150916112341.0
010 _aENG-113875
020 _a9789322008123
_c495.00
035 _aEN-97407
037 _bDBAD/PUB
082 _a 353.132630954
100 _aBudhwar, Prem K.
245 _aMaking of a diplomat :
_cby Prem K. Budhwar
_bhone your skills /
260 _aNew Delhi
_bKonark Publishers
_c2013
270 _a206, First Floor, Pocket Lane, Shahpur Jat
_bNew Delhi
_e110049
300 _a178p.
_c23cm(Hb)
610 _a India.
_bIndian Foreign Service
_xVocational guidance.
650 _aDiplomats
_xVocational guidance
_z India.
942 _2ddc
_cEN
_mBUD
_h 353.132630954
999 _c96282
_d96282